| 000 | 00728nam a2200205 a 4500 | ||
|---|---|---|---|
| 001 | 000011199 | ||
| 005 | 20240412074224.0 | ||
| 008 | 091015s1996 dr r 000 p spa d | ||
| 040 |
_aDO-SdBNP _bspa _cBNPHU |
||
| 082 |
_aRD861.44 _bR789m |
||
| 100 | 1 |
_aRosario Rodríguez, Manuel Aurelio _926763 |
|
| 245 | 1 | 0 |
_aMi mundo poético / _cManuel Aurelio Rosario Rodríguez ; prólogo Ignacio Peña-Martínez. |
| 260 |
_aNew Jersey : _bEditorial el Sur Latinoamericano, _c1996. |
||
| 300 |
_a138 p. ; _c21 cm. |
||
| 590 | _aInventariado, 2018/BT | ||
| 650 | 0 |
_aPoesía dominicana _966 |
|
| 650 | 0 |
_aLiteratura dominicana. _967 |
|
| 700 | 1 |
_aPeña-Martínez, Ignacio, _epról. _926764 |
|
| 910 | _aValidado. Control de calidad. MMOLINA | ||
| 999 |
_c10918 _d10918 |
||